Workbook for Radiologic science for technologists / (رقم التسجيلة. 35367)

تفاصيل مارك
000 -الفاتح
حقل البيانات ثابتة الطول 00556nam a22001937a 4500
003 - محدد رقم الضبط
رقم الضبط OSt
005 - وقت وتاريخ اخر تعامل مع التسجيلة
رقم الضبط 20150408114220.0
008 - عناصر البيانات ثابتة الطول - معلومات عامة
حقل البيانات ثابتة الطول 140623t 2013xxu||||f |||| 00| 0 eng d
020 ## - الرقم الدولى المعيارى للكتب
الرقم الدولى المعيارى للكتاب 9780323081375
040 ## - مصدر الفهرسة
وكالة الفهرسة الأصلية Ma-Un
082 ## - رقم تصنيف ديوى العشرى
رقم التصنيف 616.0757
رقم المادة BSW
100 ## - المدخل الرئيسى - إسم شخصى
الإسم الشخصى Bushong, Stewart C
9 (RLIN) 45853
245 ## - بيان العنوان
العنوان Workbook for Radiologic science for technologists /
بيان المسئوليه,etc Stewart C Bushong, Frank Goerner.
300 ## - الوصف المادى
التعداد 1 v. :
تفاصيل ماديه اخرى للوعاء ill. ;
أبعاد الوعاء 28 cm.
650 ## - المدخل الاضافى بالموضوع-مصطلح موضوعى
مصطلح موضوعي أو اسم جغرافي كعنصر مدخل Radiology, Medical.
650 ## - المدخل الاضافى بالموضوع-مصطلح موضوعى
مصطلح موضوعي أو اسم جغرافي كعنصر مدخل Medical physics.
700 ## - المدخل الاضافى - اسم شخصى
الإسم الشخصى Goerner, Frank
9 (RLIN) 45854
942 ## - عناصر المدخل الإضافي( كوها)
مصدر التصنيف او مخطط الترفيف Dewey Decimal Classification
Koha [default] item type كتاب
المقتنيات
حالة الفقد نموذج السعر الفعال حالة تلف ليس للاعارة رقم الطلب رقم النسخة تاريخ الاكتساب الموقع الحالي الباركود الفرع الرئيسي Date last seen نوع المادة فى نظام كوها مصدر التصنيف او خطة الترفيف Total Checkouts
  2014-06-24   Not For Loan 616.0757 BSW 1 2014-06-24 المكتبة المركزية بالمجمعة (CL) 00307381 المكتبة المركزية بالمجمعة (CL) 2014-06-24 كتاب Dewey Decimal Classification  
  2014-06-24     616.0757 BSW 2 2014-06-24 المكتبة المركزية بالمجمعة (CL) 00307382 المكتبة المركزية بالمجمعة (CL) 2014-06-24 كتاب Dewey Decimal Classification